| 000 | 00707nam a22002057a 4500 | ||
|---|---|---|---|
| 003 | OSt | ||
| 005 | 20141205142728.0 | ||
| 008 | 141113b xxu||||| |||| 00| 0 eng d | ||
| 040 | _cBMC | ||
| 082 | _a863.4809 | ||
| 100 | 1 | _aLeón Hazera, Lydia de | |
| 245 | 1 | 3 |
_aLa novela de la selva hispanoamericana _b: nacimiento, desarrollo y transformación: estudio estilístico _cLydia de León Hazera |
| 260 |
_aBogotá _bInstituto Caro y Cuervo _c1971 |
||
| 300 |
_a288 p. _c23 cm |
||
| 490 |
_aPublicaciones del Instituto Caro y Cuervo _v29 |
||
| 500 | _aÍndice: p. [287]-288 | ||
| 504 | _aBibliografía: p. 263-285 | ||
| 650 | 2 | 4 |
_928335 _aNovela hispanoamericana _xHistoria y crítica _yS. XX |
| 942 |
_2ddc _cBK |
||
| 999 |
_c15711 _d15711 |
||